000 00767nam a22002057a 4500
005 20260622123926.0
010 _aB-757077-080 ENG-148889
020 _c445.00
_a9789354977527
035 _aB-757077-080
035 _aEN-132421
037 _bDBAD
082 _a954
100 _aSharma, R.S.
245 _aIndia's Ancient Past/
_cBy R.S. Sharma
260 _aNew Delhi
_bOxford
_c2023
270 _bNew Delhi
_a22 Workspace, 2nd Floor, 1/22 Asaf Ali Road, New Delhi-
_e110002
300 _a387p.
_c22cm(pbk)
942 _2ddc
_cEN
_h954
_mSHA
999 _c199927
_d199927